书目信息 |
| 题名: |
七朝古都开封
|
|
| 作者: | 金涛 编著 | |
| 分册: | ||
| 出版信息: | 长春 吉林文史出版社 2010 |
|
| 页数: | 120页 | |
| 开本: | 23cm | |
| 丛书名: | ||
| 单 册: | ||
| 中图分类: | K926.13 | |
| 科图分类: | ||
| 主题词: | ||
| 电子资源: | ||
| ISBN: | 978-7-5463-1662-8 | |
| 000 | 00719nam0 2200241 450 | |
| 001 | 2333054840 | |
| 005 | 20231129050338.27 | |
| 010 | @a978-7-5463-1662-8@dCNY34.80 | |
| 100 | @a20100726d2010 em y0chiy50 ea | |
| 101 | 0 | @achi |
| 102 | @aCN@b220000 | |
| 105 | @aa z 000yy | |
| 200 | 1 | @a七朝古都开封@Aqi chao gu du kai feng@f金涛编著 |
| 210 | @a长春@c吉林文史出版社@d2010 | |
| 215 | @a120页@c图@d23cm | |
| 300 | @a中国文化知识读本/金开诚主编 | |
| 330 | @a本书内容包括:开封千古故事、开封古迹美景、开封民俗文化及民间艺术、开封美食小吃等。 | |
| 607 | @a开封市@x概况 | |
| 607 | @a开封市 | |
| 690 | @aK926.13@v4 | |
| 701 | 0 | @a金涛@Ajin tao@4编著 |
| 801 | 0 | @aCN@b91MARC@c20130904 |
| 905 | @aZUCC@dK926.13@e2 | |
| 七朝古都开封/金涛编著.-长春:吉林文史出版社,2010 |
| 120页:图;23cm |
| 中国文化知识读本/金开诚主编 |
| ISBN 978-7-5463-1662-8:CNY34.80 |
| 本书内容包括:开封千古故事、开封古迹美景、开封民俗文化及民间艺术、开封美食小吃等。 |
| ● |
| 相关链接 |
|
|
|
正题名:七朝古都开封
索取号:K926.13/2
 
预约/预借
| 序号 | 登录号 | 条形码 | 馆藏地/架位号 | 状态 | 备注 |
| 1 | 2000989992 | 2000989992 | 第四书库/四30架A面2层4列/ [索取号:K926.13/2] | 在馆 | |
| 2 | 2000989993 | 2000989993 | 第四书库/四30架A面2层4列/ [索取号:K926.13/2] | 在馆 | |
| 3 | 2000989994 | 2000989994 | 第四书库/四30架A面2层4列/ [索取号:K926.13/2] | 在馆 | |
| 4 | 2000989995 | 2000989995 | 第四书库/四30架A面2层4列/ [索取号:K926.13/2] | 在馆 | |
| 5 | 2000989996 | 2000989996 | 第四书库/四30架A面2层4列/ [索取号:K926.13/2] | 在馆 | |
| 6 | 2000989997 | 2000989997 | 第四书库/四30架A面2层4列/ [索取号:K926.13/2] | 在馆 |